Flags of Various Territories, Departments, Regions, etc. - Statistics

General Stats
  • This quiz has been taken 497 times
    484 since last reset
  • The average score is 20 of 32
Answer Stats
Picture Answer % Correct
Greenland
93%
Hong Kong
93%
Puerto Rico
91%
Isle of Man
89%
Macau
86%
Faroe Islands
85%
American Samoa
75%
Åland
71%
Turkish Republic of Northern Cyprus
71%
Aruba
70%
New Caledonia
66%
Norfolk Island
64%
Sahrawi Arab Democratic Republic
64%
Christmas Island
61%
Niue
61%
Somaliland
61%
Abkhazia
60%
Azores
59%
Bermuda
58%
Tokelau
56%
Bonaire
50%
Anguilla
48%
Cocos Islands
48%
Saint Pierre and Miquelon
48%
Northern Mariana Islands
46%
Wallis and Futuna
45%
British Indian Ocean Territory
44%
Réunion
44%
Nunavut
43%
Saba
35%
Martinique
34%
Canary Islands
33%
No matching quizzes found
Score Distribution
Percent of People with Each Score
Percentile by Number Answered
Your Score History
You have not taken this quiz since the last reset